000 00761nam a22003017a 4500
001 BR6001453
003 BR-BrBNA
005 20230928095509.0
007 ta
008 230509b bl.||||| |||| 00| 0 por d
040 _aBR-BrBNA
_bpor
_cBiblioteca Nacional de Agricultura
041 _a(Por)
072 _aF01; H01
090 _ F01 BR6001453
100 1 _aSantos, E.
245 1 _aManual do lavrador brasileiro
250 1 _a2. ed.
260 3 _aRio de Janeiro, GB (Brasil):
_bF. Buguiet,
_c1957.
300 _a511 p.
650 _aPropriedade Rural
650 _aPlantio
650 _aAdubacao
650 _aFruticultura
650 _aPratica Cultural
650 _aDefesa Vegetal
909 _a202309
_bLucia
_c55
_dLucia Elande
942 _cBK
999 _c56915
_d56915